top 15 des clubs avec le plus de buts marqués - Statistiques

Statistiques générales
  • Ce quiz a été pris 135 fois
  • Le résultat moyen est 10 sur 15
Statistiques - réponses
Buts marqués Club % Correct
75 Réal
96%
89 psg/Paris
94%
94 Manchester City
92%
70 Barcelone
90%
92 Bayern
87%
71 Inter
83%
75 Liverpool
79%
88 Arsenal
75%
83 Dortmund
75%
77 Naples
71%
70 Atlético
68%
70 Tottenham
39%
70 Monaco
35%
69 Rennes/Stade Rennais
28%
72 Brighton
18%
Aucun quiz correspondant
Distribution des résultats
% des personnes avec chaque résultat
Percentile par nombre de réponses
Votre historique - résultats
Vous n’avez pas pris ce quiz